000 00877nam a22002417a 4500
005 20240530110608.0
008 160608s2014 ua g 000 0 ara d
017 _a2013/19290
_bمصر . دار الكتب المصرية
020 _a9789774278617
040 _aEG-CaGPL
082 0 4 _221
_a371.9\
_bع أ
100 0 _aعادل عبدالله محمد
245 1 0 _aاستراتيجيات التعليم والتاهيل وبرامج التدخل /
_cعادل عبدالله محمد
250 _aط1.
260 _aالقاهرة :
_bالدار المصرية اللبنانية ،
_c2014 .
300 _a469 ص ؛
_c24 سم .
650 0 4 _aالاطفال المعوقون .
650 0 4 _aالتوحد .
650 0 4 _aالطفل التوحدى .
650 0 4 _aالتخلف العقلى .
942 _2ddc
_cBK
999 _c62809
_d62809